The Unified Modeling Language User Guide / (Record no. 8272)

MARC details
000 -LEADER
fixed length control field 00793nam a22002297a 4500
005 - DATE AND TIME OF LATEST TRANSACTION
control field 20260401171901.0
008 - FIXED-LENGTH DATA ELEMENTS--GENERAL INFORMATION
fixed length control field 260401b |||||||| |||| 00| 0 eng d
020 ## - INTERNATIONAL STANDARD BOOK NUMBER
ISBN 9781282649842
041 ## - LANGUAGE CODE
Language code of text/sound track or separate title eng
082 ## - DEWEY DECIMAL CLASSIFICATION NUMBER
Classification number 005.17
Item number GraU
100 ## - MAIN ENTRY--AUTHOR NAME
Personal name Booch, Grady
245 ## - TITLE STATEMENT
Title The Unified Modeling Language User Guide /
Statement of responsibility, etc Grady Booch, James Rumbaugh and Ivar Jacobson.
250 ## - EDITION STATEMENT
Edition statement 2nd ed.
260 ## - PUBLICATION, DISTRIBUTION, ETC. (IMPRINT)
Place of publication New Jersey :
Name of publisher Perason,
Year of publication ©2005.
300 ## - PHYSICAL DESCRIPTION
Number of Pages 496p.
650 ## - SUBJECT ADDED ENTRY--TOPICAL TERM
Topical Term Computer Science
650 ## - SUBJECT ADDED ENTRY--TOPICAL TERM
Topical Term Computer Software Developement.
700 ## - ADDED ENTRY--PERSONAL NAME
Personal name Rumbaugh, James
700 ## - ADDED ENTRY--PERSONAL NAME
Personal name Jacobson, Ivar
856 ## - ELECTRONIC LOCATION AND ACCESS
Uniform Resource Identifier https://ebooks.elibrary.in.pearson.com/wr/pdfviewer.html?version=1.0.317.1?subscriptionId=b154ed62-47b3-4e84-b013-81d074971fda#book/3511e908-af59-44a3-9cf8-1d5f4daddb78
942 ## - ADDED ENTRY ELEMENTS (KOHA)
Koha item type E-Books
Holdings
Withdrawn status Lost status Damaged status Home library Current library Date acquired Full call number Bill Date/Price effective from Koha item type
      Indian Institute of Technology Tirupati Indian Institute of Technology Tirupati 01/04/2026 005.17 GraU 01/04/2026 E-Books